| Tag |
First Indicator |
Second Indicator |
Subfields |
| LEADER |
00000cam a2200000 a 4500 |
| 001 |
in00000009924 |
| 005 |
20151007051604.0 |
| 008 |
810319r1981 ctu b 00110 eng |
| 010 |
|
|
|a 81004550
|
| 020 |
|
|
|a 0313229945 (lib. bdg.)
|
| 035 |
|
|
|a (OCoLC)07306528
|
| 035 |
|
|
|9 AAA3760AM
|
| 040 |
|
|
|a DLC
|c DLC
|d m/c
|d TXA
|d UtOrBLW
|
| 043 |
|
|
|a f-sa---
|a e-uk---
|
| 049 |
|
|
|a TXAM
|c [A11461266]
|
| 050 |
0 |
0 |
|a DA47.9.S6
|b A9 1981
|
| 082 |
0 |
|
|a 327.41068
|2 19
|
| 100 |
1 |
|
|a Austin, Dennis,
|d 1922-
|
| 245 |
1 |
0 |
|a Britain and South Africa /
|c Dennis Austin.
|
| 264 |
|
1 |
|a Westport, Conn. :
|b Greenwood Press,
|c 1981
|
| 264 |
|
4 |
|c ©1966
|
| 300 |
|
|
|a viii, 191 pages ;
|c 23 cm.
|
| 336 |
|
|
|a text
|b txt
|2 rdacontent
|
| 337 |
|
|
|a unmediated
|b n
|2 rdamedia
|
| 338 |
|
|
|a volume
|b nc
|2 rdacarrier
|
| 500 |
|
|
|a Reprint. Originally published: London ; New York : issued under the auspices of the Royal Institute of International Affairs by the Oxford University Press.
|
| 504 |
|
|
|a Bibliography: pages [187]-188.
|
| 500 |
|
|
|a Includes index.
|
| 651 |
|
0 |
|a Great Britain
|x Relations
|z South Africa.
|
| 651 |
|
0 |
|a South Africa
|x Relations
|z Great Britain.
|
| 710 |
2 |
|
|a Royal Institute of International Affairs.
|
| 999 |
|
|
|a MARS
|
| 999 |
f |
f |
|s ce535eeb-bae2-35a5-9811-2289ba083470
|i 7de5cc78-446e-3476-9920-7077ad0fcd5b
|t 0
|
| 952 |
f |
f |
|p ric
|a Texas A&M University
|b Rellis Campus
|c Joint Library Facility
|d Remote Storage
|t 0
|e DA47.9.S6 A9 1981
|h Library of Congress classification
|i unmediated -- volume
|m A14811461266
|
| 998 |
f |
f |
|a DA47.9.S6 A9 1981
|t 0
|l Remote Storage
|